000 00908cam a22002411i 4500
003 SA-RiAUC
005 20250317195048.0
008 250317s2008 ||| g 000 0 ara c
040 _aEG-CaDAJ
_bara
_cSA-RiAUC
_erda
082 0 4 _a253.9003
090 _a253.9003
_bم ي ر
100 1 _aميرة، حامد حسن محمد علي
_eمؤلف.
245 1 0 _aصكوك الإجارة :
_bدراسة فقهية تأصيلية تطبيقية /
_cحامد حسن بن محمد علي ميرة.
250 _aالطبعة الأولى.
264 1 _a[مكان النشر غير محدد] :
_bدار الميمان،
_c2008
300 _a552 صفحة
336 _aنص
_btxt
_2rdacontent
_3كتاب
337 _aبدون وسيط
_bn
_2rdamedia
338 _aمجلد
_bnc
_2rdacarrier
650 7 _aالإجارة (فقه إسلامي)
_2aucsh
942 _2ddc
_cBOOK
949 _aSA-JeALM
_d250317
_ukhaled123
_n1
999 _c6475
_d6475